00484nam a2200157Ia 450000500170000000800410001708200130005810000110007124500720008226000280015430000130018265000110019594200060020695200990021299900150031120250325044625.0240331s9999 xx 000 0 und d bPREa894 aPrem,R 0aSithaivukalin olungamaivu :bpinnaveenaththuvap prachchanippaadukal aBangalorebKaavyac2000 a312 p ., aEssays cL 001040708LaWERCLbWERCLcSSCd2024-03-31l0o 894.811 PREp4408r2024-03-31w2024-03-31yL c4081d4081